Aspets of rural settlements and rural society in early medieval india / (Record no. 152572)

MARC details
000 -LEADER
fixed length control field 00644nam a22001937a 4500
005 - DATE AND TIME OF LATEST TRANSACTION
control field 20180606162027.0
010 ## - LCCN (DPL NO)
LC control number ENG-123160
020 ## - INTERNATIONAL STANDARD BOOK NUMBER
International Standard Book Number 9789386552051
Terms of availability 280.00
035 ## - SYSTEM CONTROL NUMBER
System control number EN-106692
037 ## - SOURCE OF ACQUISITION
Source of stock number/acquisition DBAD/PUB
082 ## - DEWEY DECIMAL CLASSIFICATION NUMBER
Classification number 307.14120954
100 ## - MAIN ENTRY--PERSONAL NAME
Personal name Chattopadhyaya,Brajadulal
245 ## - TITLE STATEMENT
Title Aspets of rural settlements and rural society in early medieval india /
Statement of responsibility, etc by Brajadulal Chattopadhyaya
260 ## - PUBLICATION, DISTRIBUTION, ETC. (IMPRINT)
Place of publication, distribution, etc Delhi
Name of publisher, distributor, etc Primus Books
Date of publication, distribution, etc 2017
270 ## - ADDRESS
Address Virat Bhavan,Mukherjee Nagar,Commercial Complex,
City Delhi
Postal code 110009
300 ## - PHYSICAL DESCRIPTION
Extent 111p.
Dimensions 22cm(pbk)
500 ## - GENERAL NOTE
General note It includes index
942 ## - ADDED ENTRY ELEMENTS (KOHA)
Source of classification or shelving scheme Dewey Decimal Classification
Item type English Books
Call number suffix CHA
Classification part 307.14120954
Holdings
Withdrawn status Lost status Not for loan Collection code Home library Current library Date acquired Source of acquisition Cost, normal purchase price Full call number Barcode Copy number Cost, replacement price Koha item type
      Non-fiction Shahdara Branch Shahdara Branch 06/06/2018 DBAD/PUB 280.00 307.14120954 CHA EN-106692 1 280.00 English Books

© Delhi Public Library
Hit Counter
free hit counter